000 00625nam a2200241Ia 4500
003 OSt
005 20220924152318.0
006 a|||||r|||| 00| 0
007 ta
008 220923b |||||||| |||| 00| 0 tel d
024 _a341912
037 _cTextual
040 _aARTS
_cARTS
_btel
041 _2tel
_atel
082 _aO35,3M53,2, K2
100 _aVenkataraya Sastri Au.
_9226372
245 0 _aAkkanna-Madanna Charitra
260 _c1962
300 _a126p.
_ccm.
650 _aTELUGU LITERATURE
942 _hO35,3M53,2, K2
_cTEXL
_2CC
999 _c469425
_d469425